PROCEEDINGS OF THE REGIONAL SEMINAR ON SOIL MANAGEMENT UNDER HUMID CONDTIONS IN ASIA ... (Record no. 211583)

MARC details
000 -LEADER
fixed length control field 00462nam a22001457a 4500
008 - FIXED-LENGTH DATA ELEMENTS--GENERAL INFORMATION
fixed length control field 240822b |||||||| |||| 00| 0 eng d
022 ## - INTERNATIONAL STANDARD SERIAL NUMBER
International Standard Serial Number 974-7614-35-9
050 ## - LIBRARY OF CONGRESS CALL NUMBER
Classification number S 599.6 .A1 P76 1987
Item number C.1
100 ## - MAIN ENTRY--PERSONAL NAME
Personal name LATHAN,M.
245 ## - TITLE STATEMENT
Title PROCEEDINGS OF THE REGIONAL SEMINAR ON SOIL MANAGEMENT UNDER HUMID CONDTIONS IN ASIA ...
260 ## - PUBLICATION, DISTRIBUTION, ETC.
Place of publication, distribution, etc. BANGKHEN
Name of publisher, distributor, etc. FUNNY PUBLISHING LIMITED PARTNERSHIP
Date of publication, distribution, etc. 1986
300 ## - PHYSICAL DESCRIPTION
Extent 463P.ILL.
942 ## - ADDED ENTRY ELEMENTS (KOHA)
Source of classification or shelving scheme Library of Congress Classification
Koha item type Long Loan Book
Holdings
Withdrawn status Lost status Source of classification or shelving scheme Damaged status Not for loan Collection Home library Current library Date acquired Inventory number Total checkouts Full call number Barcode Date last seen Copy number Price effective from Koha item type
    Library of Congress Classification     Science & Technology Kisii University Library Kisii University Library 08/22/2024 48307   S599.6 .A1 P76 1987 000000009841 08/22/2024 C.1 08/22/2024 Long Loan Book